The Challenge of overpopulation and food shortages : summary of a colloquium held in cooperation with Planned Parenthood Association of Northeast Texas and the Population Crisis Committee /

Saved in:
Bibliographic Details
Corporate Authors: Conference Board. Division of Public Affairs Research, Population Crisis Committee, Planned Parenthood Association of Northeast Texas
Other Authors: Ross, Douglas N.
Format: Book
Language:English
Published: New York : Conference Board, c1976.
Series:Conference Board report ; no. 684.
Subjects:
LEADER 01553nam a2200349 a 4500
001 c000159528
003 CARM
005 19940126000000.0
008 760722s1976 nyu 100 0 eng
010 |a 76006742 //r932 
019 1 |a 759955  |5 LACONCORD2021 
020 |a 0823701182  |b :  |c $15.00 
035 |a (OCoLC)2131749  |5 LACONCORD2021 
040 |a LC  |b eng  |c LC  |d LC 
050 0 0 |a HD9000.1  |b .C48 
082 0 0 |a 338.1/9 
245 0 4 |a The Challenge of overpopulation and food shortages :  |b summary of a colloquium held in cooperation with Planned Parenthood Association of Northeast Texas and the Population Crisis Committee /  |c edited by Douglas N. Ross. 
260 |a New York :  |b Conference Board,  |c c1976. 
300 |a v, 61 p. :  |b graphs ;  |c 28 cm. 
490 1 |a Conference Board report ; no. 684. 
500 |a "A report of conference proceedings from the Conference Board's Division of Public Affairs Research." 
650 0 |a Food supply  |x Congresses. 
650 0 |a Overpopulation  |x Congresses. 
650 0 |a Economic development  |v Congresses. 
700 1 |a Ross, Douglas N. 
710 2 |a Conference Board.  |b Division of Public Affairs Research. 
710 2 |a Population Crisis Committee. 
710 2 |a Planned Parenthood Association of Northeast Texas. 
830 0 |a Conference Board report ;  |v no. 684. 
852 8 |b CARM  |h A2:AL33D0  |i D05628  |p 0210094  |f BK 
999 f f |i ac2c30da-1629-5c3b-b4f2-3f189bda8b16  |s 77243be6-cb63-5083-89b4-91fb8183a4e5 
952 f f |p Can circulate  |a CAVAL  |b CAVAL  |c CAVAL  |d CARM 1 Store  |e D05628  |f A2:AL33D0  |h Other scheme  |i book  |m 0210094